[Event "Las Palmas Insular-chT Pref-A"]
[Site "Las Palmas"]
[Date "2015.01.24"]
[Round "5.4"]
[White "Hernandez Delgado, Christopher"]
[Black "Yanez Santana, Ivan Jose"]
[Result "1-0"]
[WhiteElo "1565"]
[BlackElo "1585"]
[PlyCount "91"]
[EventDate "2014.11.22"]
[EventType "team-tourn"]
[EventRounds "14"]
[EventCountry "ESP"]
[SourceTitle "EXT 2016"]
[Source "ChessBase"]
[SourceDate "2015.10.08"]
[SourceVersion "1"]
[SourceVersionDate "2015.10.08"]
[SourceQuality "1"]
[WhiteTeam "Canarias de Vecindario"]
[BlackTeam "Villa de Teror Goya II"]
[WhiteTeamCountry "ESP"]
[BlackTeamCountry "ESP"]

1. d4 e6 2. c4 Nf6 3. Nc3 d5 4. e3 Be7 5. Nf3 0-0 6. Be2 a6 7. 0-0 dxc4 8. a4 b6 9. Bxc4 Bb7 10. b3 Nbd7 11. Ba3 Bxa3 12. Rxa3 Qe7 13. Ra1 Rfd8 14. Be2 c5 15. Qc2 Rac8 16. Rfc1 e5 17. dxc5 Nxc5 18. Ne1 Nce4 19. Qb2 Rd2 20. Nd5 Rxd5 21. Rxc8+ Bxc8 22. f3 Nd6 23. e4 Rd4 24. Qc3 Nfxe4 25. fxe4 Rxe4 26. Bf3 Rh4 27. Qc6 e4 28. Rd1 Rh6 29. Be2 g5 30. Qxb6 Nf5 31. Qd8+ Kg7 32. Qxc8 Qe5 33. h3 Ne3 34. Rd8 Kg6 35. Rg8+ Kf6 36. Qd8+ Qe7 37. Qd4+ Ke6 38. Qxe3 Qb4 39. Bg4+ Ke7 40. Qxg5+ Rf6 41. Qe5+ Re6 42. Qc7+ Kf6 43. Bxe6 Qxe1+ 44. Kh2 fxe6 45. Qg7+ Kf5 46. Rf8# 1-0

[Event "Las Palmas Insular-chT Pref-A"]
[Site "Las Palmas"]
[Date "2014.12.13"]
[Round "2.4"]
[White "Hernandez Delgado, Christopher"]
[Black "Roca Marrero, Fernando"]
[Result "1-0"]
[WhiteElo "1565"]
[BlackElo "1441"]
[PlyCount "85"]
[EventDate "2014.11.22"]
[EventType "team-tourn"]
[EventRounds "14"]
[EventCountry "ESP"]
[SourceTitle "EXT 2016"]
[Source "ChessBase"]
[SourceDate "2015.10.08"]
[SourceVersion "1"]
[SourceVersionDate "2015.10.08"]
[SourceQuality "1"]
[WhiteTeam "Canarias de Vecindario"]
[BlackTeam "Pulido San Mateo"]
[WhiteTeamCountry "ESP"]
[BlackTeamCountry "ESP"]

1. d4 Nf6 2. c4 g6 3. Nc3 Bg7 4. Nf3 d6 5. e3 0-0 6. Be2 d5 7. 0-0 c6 8. b3 Qc7 9. Bb2 Nbd7 10. Qc1 Ne4 11. cxd5 Nxc3 12. Qxc3 c5 13. Qc2 b6 14. Rac1 Bb7 15. dxc5 Bxb2 16. Qxb2 bxc5 17. Rfd1 Qd6 18. e4 f6 19. Bb5 Ne5 20. Nxe5 fxe5 21. Bc6 Rab8 22. Bxb7 Rxb7 23. Qa3 Rc7 24. Rc4 Qf6 25. f3 Qb6 26. Kf1 g5 27. h3 h5 28. Ra4 g4 29. Ra6 Qb7 30. Kf2 Rf6 31. Rxf6 exf6 32. d6 Rg7 33. Qa4 g3+ 34. Ke3 Qb6 35. Qc4+ Kh7 36. d7 Qd8 37. Qd5 c4 38. bxc4 Qc7 39. Qd6 Qa5 40. d8Q Qxa2 41. Q8xf6 Qxc4 42. Qf5+ Kh8 43. Qh6+ 1-0

[Event "Gran Canaria Santa Lucia op 2nd"]
[Site "Gran Canaria"]
[Date "2014.08.19"]
[Round "8"]
[White "Hernandez Delgado, Christopher"]
[Black "Cruz Pino, Adrian"]
[Result "1/2-1/2"]
[WhiteElo "1437"]
[BlackElo "1977"]
[PlyCount "147"]
[EventDate "2014.08.14"]
[EventType "swiss"]
[EventRounds "9"]
[EventCountry "ESP"]
[SourceTitle "EXT 2015"]
[Source "ChessBase"]
[SourceDate "2014.11.20"]
[SourceVersion "1"]
[SourceVersionDate "2014.11.20"]
[SourceQuality "1"]

1. d4 Nf6 2. c4 e6 3. Nc3 c5 4. Nf3 cxd4 5. Nxd4 a6 6. e3 Be7 7. Be2 0-0 8. 0-0 Qc7 9. Qc2 d6 10. Rd1 Nbd7 11. b3 Ne5 12. Nf3 Ng6 13. Rd2 b6 14. Bb2 Bb7 15. Rad1 Rac8 16. Qb1 Rfd8 17. Rc1 Qb8 18. a3 Bc6 19. Nd4 Be8 20. Bd3 Ne5 21. Be2 Qb7 22. Nf3 Bc6 23. Nxe5 dxe5 24. Rxd8+ Rxd8 25. Bf1 Ne4 26. Nxe4 Bxe4 27. Qa1 f6 28. Rd1 Bc2 29. Rxd8+ Bxd8 30. b4 Ba4 31. Qc1 Be7 32. Qd2 Kf7 33. Qe2 g6 34. Qg4 h5 35. Qe2 e4 36. Qd2 Qc6 37. Qd4 e5 38. Qd2 Bb3 39. Qc3 Ba4 40. Be2 Bd6 41. Kf1 Bc7 42. Ke1 Qd7 43. Qd2 Qe6 44. Qc1 Qc6 45. Bd1 Bxd1 46. Kxd1 Qd7+ 47. Ke1 Qg4 48. Kf1 Qd7 49. h3 Qd3+ 50. Ke1 Ke7 51. Qc3 Qb1+ 52. Bc1 Qa2 53. Bb2 Qb1+ 54. Qc1 Qxc1+ 55. Bxc1 b5 56. cxb5 axb5 57. Kd2 Kd6 58. Kc3 Kd5 59. Kb3 f5 60. Bd2 f4 61. g3 Bb6 62. Bc1 Ba7 63. Bd2 Kd6 64. a4 Kc6 65. a5 Kd5 66. Kc3 Kd6 67. Kc2 Kc6 68. Kc3 Kd5 69. Kb3 g5 70. Kc3 g4 71. hxg4 hxg4 72. Kb3 f3 73. Kc3 Bb8 74. Be1 1/2-1/2

[Event "Gran Canaria Santa Lucia op 2nd"]
[Site "Gran Canaria"]
[Date "2014.08.18"]
[Round "7"]
[White "Guerrero Orihuela, Jose Luis"]
[Black "Hernandez Delgado, Christopher"]
[Result "0-1"]
[WhiteElo "1656"]
[BlackElo "1437"]
[PlyCount "42"]
[EventDate "2014.08.14"]
[EventType "swiss"]
[EventRounds "9"]
[EventCountry "ESP"]
[SourceTitle "EXT 2015"]
[Source "ChessBase"]
[SourceDate "2014.11.20"]
[SourceVersion "1"]
[SourceVersionDate "2014.11.20"]
[SourceQuality "1"]

1. d4 d5 2. c4 c6 3. Nc3 e6 4. e4 dxe4 5. Nxe4 Nf6 6. Nxf6+ Qxf6 7. Nf3 Bb4+ 8. Bd2 Bxd2+ 9. Qxd2 0-0 10. Bd3 Rd8 11. Qc2 h6 12. 0-0-0 b6 13. Be4 Qf4+ 14. Kb1 Bb7 15. Ne5 Qh4 16. Bh7+ Kf8 17. Be4 Qe7 18. Bf3 Qc7 19. Qh7 Nd7 20. Nxf7 Nf6 21. Qh8+ Kxf7 0-1

[Event "Gran Canaria-ch U18"]
[Site "Las Palmas"]
[Date "2013.07.07"]
[Round "6.5"]
[White "Acosta Santana, Yonay Jesus"]
[Black "Hernandez Delgado, Christopher"]
[Result "1-0"]
[WhiteElo "1594"]
[BlackElo "1418"]
[PlyCount "120"]
[EventDate "2013.07.05"]
[EventType "swiss"]
[EventRounds "6"]
[EventCountry "ESP"]
[SourceTitle "EXT 2024"]
[Source "ChessBase"]
[SourceDate "2023.10.10"]
[SourceVersion "1"]
[SourceVersionDate "2023.10.10"]
[SourceQuality "1"]

1. d4 g6 2. Nf3 Bg7 3. Bf4 d6 4. Nbd2 Nd7 5. e3 Ngf6 6. Bd3 h6 7. c4 c6 8. 0-0 Nh5 9. Bg3 Nxg3 10. fxg3 0-0 11. Qc2 c5 12. Rae1 Re8 13. Nb3 b6 14. Rf2 Bb7 15. Ref1 Nf6 16. d5 Rf8 17. h3 Bc8 18. Nfd2 Bd7 19. Ne4 Nxe4 20. Bxe4 f5 21. Bd3 Qc7 22. e4 Ba4 23. exf5 Bxb3 24. axb3 Bd4 25. Qe2 Bxf2+ 26. Rxf2 g5 27. Qe6+ Rf7 28. Qxh6 Rg7 29. Qe6+ Rf7 30. h4 Qc8 31. Qg6+ Rg7 32. Qh6 Qf8 33. f6 exf6 34. Rxf6 Qe7 35. Re6 Qf7 36. h5 Rf8 37. Rxd6 Qf2+ 38. Kh2 Rf3 39. Rd8+ Rf8 40. Rxf8+ Qxf8 41. Qe6+ Qf7 42. Qxf7+ Rxf7 43. Kg1 Kg7 44. g4 Rf4 45. Bf5 Rd4 46. Kf2 Rd2+ 47. Ke3 Rxb2 48. d6 Rxb3+ 49. Ke4 Rb1 50. Kd5 Rd1+ 51. Kc6 Rd2 52. d7 a5 53. Kc7 a4 54. d8Q Rxd8 55. Kxd8 a3 56. Bb1 b5 57. cxb5 c4 58. b6 c3 59. b7 a2 60. b8Q Kf8 1-0

[Event "Gran Canaria-ch U18"]
[Site "Las Palmas"]
[Date "2013.07.06"]
[Round "3.9"]
[White "Hernandez Delgado, Christopher"]
[Black "Agejas Garcia, Diego"]
[Result "1-0"]
[WhiteElo "1418"]
[BlackElo "1366"]
[PlyCount "67"]
[EventDate "2013.07.05"]
[EventType "swiss"]
[EventRounds "6"]
[EventCountry "ESP"]
[SourceTitle "EXT 2024"]
[Source "ChessBase"]
[SourceDate "2023.10.10"]
[SourceVersion "1"]
[SourceVersionDate "2023.10.10"]
[SourceQuality "1"]

1. e4 e5 2. Nf3 Nf6 3. d3 Nc6 4. Bd2 Bc5 5. h3 d6 6. Nc3 Be6 7. Na4 b6 8. Nxc5 bxc5 9. c3 Rb8 10. b3 0-0 11. g3 h6 12. c4 Nh7 13. Nh2 f5 14. f3 Qd7 15. g4 fxe4 16. fxe4 Nd4 17. Be3 Rf7 18. Bg2 Rbf8 19. Rf1 Ng5 20. Rxf7 Qxf7 21. Bxd4 cxd4 22. Qd2 Qf4 23. Qxf4 exf4 24. Ke2 Bd7 25. Nf3 Ne6 26. Kd2 c5 27. Re1 Nd8 28. e5 dxe5 29. Nxe5 Bc8 30. Bd5+ Be6 31. Nd7 Bxd5 32. cxd5 Rf7 33. Re8+ Kh7 34. Nf8+ 1-0

[Event "Gran Canaria-ch U18"]
[Site "Las Palmas"]
[Date "2013.07.06"]
[Round "4.7"]
[White "Hernandez Delgado, Christopher"]
[Black "Fernandez Arce, Aketza"]
[Result "1-0"]
[WhiteElo "1418"]
[BlackElo "1400"]
[PlyCount "121"]
[EventDate "2013.07.05"]
[EventType "swiss"]
[EventRounds "6"]
[EventCountry "ESP"]
[SourceTitle "EXT 2024"]
[Source "ChessBase"]
[SourceDate "2023.10.10"]
[SourceVersion "1"]
[SourceVersionDate "2023.10.10"]
[SourceQuality "1"]

1. e4 e6 2. Nf3 d5 3. exd5 exd5 4. d4 Bd6 5. Be2 Nf6 6. 0-0 h6 7. h3 0-0 8. Nc3 Bf5 9. Bd3 Qd7 10. Bxf5 Qxf5 11. Nb5 Rd8 12. Re1 Nc6 13. Nxd6 Rxd6 14. c3 Rdd8 15. Bd2 Re8 16. Qb3 b6 17. Qb5 Qd7 18. Nh2 Re4 19. Qd3 Rae8 20. f3 R4e6 21. Rxe6 Rxe6 22. Re1 Qe8 23. Rxe6 Qxe6 24. Kf2 Na5 25. b3 Qd6 26. Nf1 Qa3 27. Qc2 Nb7 28. Bf4 c5 29. dxc5 Qxc5+ 30. Be3 Qc6 31. Ng3 Nd6 32. Ne2 Qc8 33. Nd4 Nfe8 34. Bf4 a6 35. a4 Qc5 36. Ke2 b5 37. axb5 axb5 38. Kd2 b4 39. Be3 Nb5 40. Nxb5 Qxb5 41. c4 dxc4 42. Qxc4 Qb7 43. Bc5 Qb8 44. Qxb4 Qg3 45. Qg4 Qh2 46. Ke2 Nf6 47. Qc8+ Kh7 48. Qf5+ Kg8 49. Kf2 Qc7 50. b4 Nd7 51. Ke3 Ne5 52. Kd4 Nc6+ 53. Kc3 g6 54. Qd5 Ne7 55. Qd6 Qb7 56. Qxe7 Qb5 57. Qd8+ Kg7 58. Bd4+ Qe5 59. Bxe5+ f6 60. Qxf6+ Kg8 61. Qg7# 1-0

[Event "Las Palmas Insular-chT Primera-A"]
[Site "Las Palmas"]
[Date "2013.02.02"]
[Round "8.4"]
[White "Saad Addin Quintana, Samir N"]
[Black "Hernandez Delgado, Christopher"]
[Result "1-0"]
[WhiteElo "1858"]
[BlackElo "1420"]
[PlyCount "105"]
[EventDate "2012.11.10"]
[EventType "team-tourn"]
[EventRounds "14"]
[EventCountry "ESP"]
[SourceTitle "EXT 2014"]
[Source "ChessBase"]
[SourceDate "2013.11.20"]
[SourceVersion "1"]
[SourceVersionDate "2013.11.20"]
[SourceQuality "1"]
[WhiteTeam "Cajota 64"]
[BlackTeam "Canarias de Vecindario"]
[WhiteTeamCountry "ESP"]
[BlackTeamCountry "ESP"]

1. e4 e5 2. Nf3 Nc6 3. Bc4 Bc5 4. d3 h6 5. c3 d6 6. Be3 Bxe3 7. fxe3 Be6 8. Nbd2 Nf6 9. Bxe6 fxe6 10. Qb3 Qc8 11. 0-0-0 Ng4 12. Rdf1 Nxe3 13. Rf2 Ng4 14. Re2 Ne7 15. h3 Nf6 16. g4 Nh7 17. g5 h5 18. Nh4 Nf8 19. Rf2 Nfg6 20. Nxg6 Nxg6 21. Rhf1 Nf4 22. Rf3 Rf8 23. d4 Ng6 24. Rxf8+ Nxf8 25. Qd1 g6 26. Qf3 Kd7 27. Qf7+ Kc6 28. dxe5 Qe8 29. exd6 Qxf7 30. Rxf7 cxd6 31. Nc4 b6 32. Kd2 a5 33. Kd3 Rd8 34. Rf6 Re8 35. e5 d5 36. Nd6 Rb8 37. Kd4 b5 38. a3 b4 39. axb4 axb4 40. cxb4 Rxb4+ 41. Kc3 Rh4 42. Rxf8 Rxh3+ 43. Kd4 Rg3 44. b4 Rg4+ 45. Kc3 Rxg5 46. b5+ Kb6 47. Rb8+ Ka7 48. Rb7+ Ka8 49. Kd4 Rg1 50. Kc5 Rf1 51. Kb6 Rf8 52. Ka6 Rf1 53. Ne8 1-0